01607naa#a2200193#i#4500001001600000005001700016011001400033100004100047102000700088200025200095210053800347215001000885608004500895675028600940700005201226700006601278700004801344856002101392RU\\bibl\12247320260502035035.6##a2304-0130##a20260410b2026####ek#y0rusy0150####ca##aRU1#aФЕДЕРАЛЬНЫЙ ГОСУДАРСТВЕННЫЙ ПОЖАРНЫЙ НАДЗОР – СТЫК ПРАВА, ПРОФЕССИОНАЛЬНЫХ ОБЯЗАННОСТЕЙ И ОБЩЕСТВЕННЫХ ОЖИДАНИЙeЖурнальная статья1#aСанкт-ПетербургcСанкт-Петербургский университет Государственной противопожарной службы Министерства Российской Федерации по делам гражданской обороны, чрезвычайным ситуациям и ликвидации последствий стихийных бедствий имени Героя Российской Федерации генерала армии Е.Н. Зиничеваd2026##a8 с.##aЖурнальная статья2local##aПредупреждение пожаров путем надзора, например, органами пожарного надзора, пожарными командами, страховыми учреждениями или внутренней охраной. 614.841.315#1aАндрееваgЕлена Сергеевна#1aГайдукевичgАлександр Евгеньевич#1aКрыловgЮрий Николаевич4#ajournals.igps.ru